| 000 | 01415nam2a22002891 4500 | ||
|---|---|---|---|
| 001 | v19\rc\1879575 | ||
| 005 | 20260407041548.0 | ||
| 035 | _a(NLR Aleph) 005260233 | ||
| 090 |
_a5894225 _c5894225 |
||
| 100 | _a20080221d1913 |||y0rusy50 ca | ||
| 101 | 0 | _arus | |
| 102 | _aRU | ||
| 105 | _aa z ||||| | ||
| 200 | 1 | _aМосковско-Казанская ж. д. | |
| 210 |
_d[1913] _aБ. м. |
||
| 215 | _a228 с., 2 л. табл. | ||
| 461 | 0 |
_1001v19\rc\1879559 _12001#$aДоклады Подкомиссий по обследованию железных дорог на местах$v№ 22 _95894068 _aРоссия. Особая высшая комиссия для всестороннего исследования железнодорожного дела _cБ.м. _d[1910-1913] _o№ 2-3, 5-6, 9-11, 13-18, 21-23 _tДоклады Подкомиссий по обследованию железных дорог на местах _v№ 22 |
|
| 532 | 1 | 2 | _aМосковско-Казанская железная дорога |
| 712 | 0 | 2 |
_aМосковско-Казанская железная дорога _cдо 1917 г. _3RU\NLR\AUTH\8810013698 _9525297 |
| 801 | 0 |
_aRU _bNLR _c20080221 _gpsbo |
|
| 801 | 0 |
_aRU _bRuMoRGB _c20080221 _2psbo |
|
| 801 | 1 |
_aRU _bProSoft-M _c20080221 _2rusmarc |
|
| 801 | 2 |
_aRU _bNLR _c20110815 _2rusmarc |
|
| 852 |
_aNLR _j38.5.1.12(№22) |
||
| 942 | _cBOOK | ||
| 980 | _aNB | ||